| 000 | 01037nam a2200241 4500 | ||
|---|---|---|---|
| 003 | AUA.1 | ||
| 005 | 20260217205839.0 | ||
| 008 | 180312b xxu||||| |||| 00| 0 eng d | ||
| 020 | _a9783639001310 | ||
| 040 | _cJTL | ||
| 050 |
_aBX6122.S36 _bS68 2008 |
||
| 050 |
_aBS680.T4 _bS68 2008 |
||
| 100 | _ade Souza, Elias Brasil | ||
| 245 |
_aToward a theology of the heavenly sanctuary in the hebrew Bible / _cby Elias Brasil de Souza. |
||
| 260 |
_aGermany : _bVDM Verlag Dr. Muller, _cc2008. |
||
| 300 |
_axxi, 507 p. : _c23 cm. |
||
| 504 | _aIncludes bibliographical references (p. 401-507) | ||
| 505 | _a1. Introduction- 2. Ancient Near-Eastern background- 3. The heavenly sanctuary/Temple motif in the Torah- 4. The heavenly sanctuary/Temple motif in the prophets- 5. The heavenly sanctuary/Temple motif in the writings- 6. Theological Synthesis- Bibliography. | ||
| 630 |
_aBible _lHebrew |
||
| 650 |
_aSanctuary _xTemple |
||
| 650 | _aHeavenly Sanctuary | ||
| 942 |
_2lcc _cBOOK _hBX 6122.S36 _iS68 2008 |
||
| 999 |
_c19621 _d19621 |
||